Statistieken voor Vlaggen met het Meeste Wit

Klik hier om de quiz te nemen!

Algemene statistieken

  • Deze quiz is 3.560 keer genomen
    (2.636 sinds de laatste reset)
  • De gemiddelde score is 14 van 16

Antwoordstatistieken

Antwoord% Correct
Japan
99%
Cyprus
98%
Finland
97%
Israël
97%
Polen
97%
Zuid-Korea
97%
Griekenland
95%
Malta
89%
Monaco
88%
Georgië
87%
Uruguay
87%
Indonesië
86%
Algerije
80%
Panama
79%
Singapore
75%
Afghanistan
64%

Scoreverdeling

Percentiel versus Aantal Correcte Antwoorden

Procent van Mensen met Elke Score

Uw Scoregeschiedenis

U heeft deze quiz nog niet genomen sinds de laatste reset